000 00425nam a2200181Ia 4500
001 2165
005 20260306143822.0
008 260306t2021||||xx |||||||||||||| ||spa||
041 _aESP
082 _a616
_bG59 V. 2
100 _aGoldman, Lee,
_eAUT
245 0 _aTratado de medicina interna
260 _c2021
300 _avarias paginaciones :
_c29 cm.
650 _aGEN
654 _aCCS
942 _cLIB
_dJUS
_fJUS
_2ddc
_n
999 _c2165
_d2165